Les nuits de l´Indiva une mascapade

Uloženo v:
Podrobná bibliografie
Hlavní autor: Germain, Jean-Claude
Médium: Kniha
Jazyk:Undetermined
Vydáno: Canadá VLB. Éditeur 1983
Témata:
Tagy: Přidat tag
Žádné tagy, Buďte první, kdo vytvoří štítek k tomuto záznamu!

MARC

LEADER 00000nam a2200000Ia 4500
008 170316s9999 xx 000 0 und d
040 |a cru BVZT 
090 |a 818 G-8n 
100 |a Germain, Jean-Claude 
245 |a Les nuits de l´Indiva une mascapade 
260 |a Canadá 
260 |b VLB. Éditeur 
260 |c 1983 
300 |a 157 páginas 
650 |a LITERATURA CANADIENSE 
999 |c 6459  |d 6459 
942 |c 15 D  |h 818 G-8n  |2 z